00306pab a2200133 454500008004000000100002500040245003500065260000900100300001200109362001200121650000800133650001000141773002100151180718b2014 xxu||||| |||| 00| 0 eng d aBhattacharya, Malini aCan law help women to survive? c2014 ap.3-12. aJan-Feb aLaw aWomen aSocial Scientist